Design of concrete structures (Record no. 3622)

000 -LEADER
fixed length control field 00547nam a22002057a 4500
001 - CONTROL NUMBER
control field 3622
003 - CONTROL NUMBER IDENTIFIER
control field BD-DhUET
008 - FIXED-LENGTH DATA ELEMENTS--GENERAL INFORMATION
fixed length control field 141102b xxu||||| |||| 00| 0 eng d
040 ## - CATALOGING SOURCE
Transcribing agency 0
Modifying agency BD-DhUET
082 ## - DEWEY DECIMAL CLASSIFICATION NUMBER
Classification number 624.183
Item number WIN/1972
100 ## - MAIN ENTRY--PERSONAL NAME
Personal name Winter, George
245 ## - TITLE STATEMENT
Title Design of concrete structures
Statement of responsibility, etc. by George Winter and Arthur H. Nilson
250 ## - EDITION STATEMENT
Edition statement 8th ed.
260 ## - PUBLICATION, DISTRIBUTION, ETC. (IMPRINT)
Place of publication, distribution, etc. New York
Name of publisher, distributor, etc. McGraw-Hill
Date of publication, distribution, etc. 1972
300 ## - PHYSICAL DESCRIPTION
Extent xii,615p.
504 ## - BIBLIOGRAPHY, ETC. NOTE
Bibliography, etc Includes bibliographies
650 #0 - SUBJECT ADDED ENTRY--TOPICAL TERM
Topical term or geographic name as entry element Reinforced concrete
700 ## - ADDED ENTRY--PERSONAL NAME
Personal name Nilson, Arthur H.
942 ## - ADDED ENTRY ELEMENTS (KOHA)
Koha item type General Book
Holdings
Damaged status Date acquired Location (home branch) Sublocation or collection (holding branch) Withdrawn status Copy number Lost status Koha item type Koha date last borrowed Shelving location Koha normalized classification for sorting Koha date last seen Price effective from Source of classification or shelving scheme Koha full call number Koha issues (times borrowed) Piece designation (barcode) Not for loan
 2014-11-02Central Library, BUETCentral Library, BUET 1 General Book2025-05-26Circulation section624_183000000000000_WIN_19722025-06-182014-11-02 624.183/WIN/1972239870 
 2014-11-02Central Library, BUETCentral Library, BUET 2 General Book2025-05-26Circulation section624_000000000000000_183WIN19722025-05-282014-11-02 624.183/WIN/1972144253 
 2014-11-18Central Library, BUETCentral Library, BUET 3 General Book Circulation section624_000000000000000_183WIN19722014-11-182014-11-18 624.183/WIN/1972 39869 
 2014-11-18Central Library, BUETCentral Library, BUET 4 General Book Circulation section624_000000000000000_183WIN19722014-11-182014-11-18 624.183/WIN/1972 39871 
 2015-02-22Central Library, BUETCentral Library, BUET 5 General Book2025-05-27Circulation section624_183000000000000_WIN_19722025-06-282015-02-22 624.183/WIN/1972242844 
 2015-02-22Central Library, BUETCentral Library, BUET 6 General Book Circulation section624_183000000000000_WIN_19722015-02-222015-02-22 624.183/WIN/1972 54930 
 2015-05-07Central Library, BUETCentral Library, BUET 7 General Book2025-05-26Circulation section624_183000000000000_WIN_19722025-05-272015-05-07 624.183/WIN/1972145112